[Event "International Championship of Central S"]
[Site "Paracin"]
[Date "2012.07.06"]
[Round "1.1"]
[White "Nikolic, Dragovan"]
[Black "Atalik, Suat"]
[Result "0-1"]
[WhiteElo "2261"]
[BlackElo "2599"]
[PlyCount "82"]
[EventDate "2012.??.??"]

1. c4 e5 2. Nc3 Nf6 3. g3 d5 4. cxd5 Nxd5 5. Bg2 Nb6 6. Nf3 Nc6 7. O-O Be7 8.
d3 O-O 9. Be3 Be6 10. Na4 f6 11. Nc5 Bxc5 12. Bxc5 Rf7 13. b4 Nd5 14. Qd2 b6
15. b5 Na5 16. Bb4 Nxb4 17. Qxb4 c5 18. bxc6 Rc8 19. Rfc1 Rfc7 20. Qa4 Bd5 21.
Nd2 Nxc6 22. Bxd5+ Qxd5 23. Qb3 Qf7 24. Kf1 Nd4 25. Rxc7 Rxc7 26. Qxf7+ Kxf7
27. Nb3 Rc2 28. e3 Ne6 29. Ke1 Rb2 30. d4 exd4 31. exd4 Nc7 32. Nd2 Nd5 33. Nc4
Rb4 34. Rc1 Ke6 35. Ke2 Ra4 36. Kd3 Rxa2 37. Re1+ Kd7 38. Ke4 Nc3+ 39. Kd3 Nb5
40. d5 Rxf2 41. Rb1 Rf3+ 0-1

[Event "International Championship of Central S"]
[Site "Paracin"]
[Date "2012.07.06"]
[Round "1.3"]
[White "Cabarkapa, Novak"]
[Black "Pap, Gyula"]
[Result "0-1"]
[WhiteElo "2254"]
[BlackElo "2566"]
[PlyCount "68"]
[EventDate "2012.??.??"]

1. e4 g6 2. d4 Bg7 3. Nf3 d6 4. h3 c5 5. dxc5 Qa5+ 6. Nc3 Bxc3+ 7. bxc3 Qxc3+
8. Bd2 Qxc5 9. Bd3 Nf6 10. O-O O-O 11. Rb1 Qc7 12. Nd4 Nc6 13. Nb5 Qd8 14. f4
d5 15. e5 Ne4 16. Bxe4 dxe4 17. Bc3 Be6 18. Nd4 Bc4 19. Re1 Qd5 20. Nxc6 Qxc6
21. Bd4 Bxa2 22. Ra1 Rfd8 23. c3 Be6 24. g4 b5 25. Qc1 b4 26. f5 bxc3 27. Bxc3
Rd3 28. fxe6 Qc5+ 29. Kg2 Rxc3 30. exf7+ Kg7 31. Qf4 Rf3 32. Qd2 Qxe5 33. Re2
Qg3+ 34. Kh1 Qxh3+ 0-1

[Event "International Championship of Central S"]
[Site "Paracin"]
[Date "2012.07.06"]
[Round "1.4"]
[White "Gleizerov, Evgeny"]
[Black "Dimitrijevic, Radmilo"]
[Result "1/2-1/2"]
[WhiteElo "2565"]
[BlackElo "2236"]
[PlyCount "120"]
[EventDate "2012.??.??"]

1. d4 d5 2. c4 dxc4 3. e3 Nf6 4. Bxc4 e6 5. Nf3 a6 6. O-O c5 7. dxc5 Qxd1 8.
Rxd1 Bxc5 9. Be2 b6 10. Nbd2 Bb7 11. Nc4 Nbd7 12. Nd6+ Bxd6 13. Rxd6 Bd5 14. b3
Ne4 15. Rxd5 exd5 16. Bb2 O-O 17. Nd4 Ndf6 18. Nf5 Rfe8 19. f3 Nc5 20. Rd1 b5
21. Kf2 Rad8 22. Rc1 Ncd7 23. g4 g6 24. Nd6 Re6 25. Nb7 Rb8 26. Rc7 Rb6 27. Na5
h6 28. h4 Rd6 29. g5 hxg5 30. hxg5 Ne8 31. Rc1 Ng7 32. Nc6 Re8 33. Nd4 Ne6 34.
Rh1 Nxd4 35. Bxd4 Kf8 36. Rc1 Kg8 37. f4 f6 38. gxf6 Nxf6 39. Rc7 Ne4+ 40. Kg2
Kf8 41. Bd3 Rde6 42. Kf3 R8e7 43. Rc8+ Re8 44. Rc2 Kf7 45. a4 Nd6 46. Rc5 bxa4
47. bxa4 Nf5 48. Be5 Rxe5 49. fxe5 Rxe5 50. Kf4 Kf6 51. Rc6+ Re6 52. Rxe6+ Kxe6
53. Bxa6 g5+ 54. Kf3 Ke5 55. a5 g4+ 56. Ke2 Nd6 57. Bb7 d4 58. a6 Nb5 59. Bc6
Na7 60. Bd7 dxe3 1/2-1/2

[Event "International Championship of Central S"]
[Site "Paracin"]
[Date "2012.07.06"]
[Round "1.5"]
[White "Mladenovic, Stefan"]
[Black "Damljanovic, Branko"]
[Result "0-1"]
[WhiteElo "2236"]
[BlackElo "2564"]
[PlyCount "80"]
[EventDate "2012.??.??"]

1. d4 Nf6 2. c4 g6 3. Nc3 Bg7 4. e4 d6 5. Bd3 e5 6. d5 a5 7. Nge2 Na6 8. O-O
Bd7 9. b3 O-O 10. f3 Nh5 11. Be3 Nf4 12. Bc2 Nb4 13. a3 Nxc2 14. Qxc2 Qg5 15.
Nxf4 exf4 16. Bc1 Rae8 17. Bb2 f5 18. Rae1 Qh4 19. Nd1 Bxb2 20. Qxb2 fxe4 21.
Rxe4 Bf5 22. Rxe8 Rxe8 23. Nf2 Qe7 24. Qd2 Qe3 25. Qxa5 b6 26. Qb4 Bd3 27. Rd1
Bc2 28. Rf1 Bd3 29. Rd1 Be2 30. Re1 Re5 31. h4 g5 32. Qa4 g4 33. fxg4 Qg3 34.
Qd7 f3 35. Qd8+ Kf7 36. Qd7+ Re7 37. Qf5+ Kg8 38. Qg5+ Kf8 39. Qf6+ Ke8 40.
Qh8+ Kd7 0-1

[Event "International Championship of Central S"]
[Site "Paracin"]
[Date "2012.07.06"]
[Round "1.6"]
[White "Del Rio De Angelis, Salvador G"]
[Black "Cvetanovic, Uros"]
[Result "0-1"]
[WhiteElo "2547"]
[BlackElo "2225"]
[PlyCount "60"]
[EventDate "2012.??.??"]

1. d4 Nf6 2. c4 e6 3. Nc3 Bb4 4. e3 O-O 5. Bd3 c5 6. Nf3 cxd4 7. exd4 d5 8. O-O
dxc4 9. Bxc4 Qc7 10. Qe2 Bxc3 11. bxc3 Nd5 12. Ng5 h6 13. Ne4 Nc6 14. Bb3 b6
15. Bb2 Na5 16. c4 Ba6 17. Nd2 Nf4 18. Qe3 b5 19. d5 bxc4 20. Be5 Qb7 21. Qxf4
cxb3 22. Rfd1 exd5 23. axb3 Nc6 24. Bb2 Bd3 25. Rdc1 Bg6 26. Rc3 Rfe8 27. Qa4
Nb4 28. Rac1 Re2 29. Rd1 Qb6 30. Rf3 Bc2 0-1

[Event "International Championship of Central Se"]
[Site "Paracin, hotel "]
[Date "2012.07.06"]
[Round "1.8"]
[White "Kovacevic, Aleksandar"]
[Black "Milovanovic, Srboljub"]
[Result "1-0"]
[WhiteElo "2537"]
[BlackElo "2217"]
[PlyCount "63"]
[EventDate "2012.07.06"]

1. e4 c5 2. Nf3 Nc6 3. d4 cxd4 4. Nxd4 Nf6 5. Nc3 d6 6. f3 e5 7. Nb3 Be7 8. Be3
O-O 9. Qd2 a5 10. Bb5 Na7 11. Bd3 Nc6 12. a3 Be6 13. Rd1 Nd7 14. Nd5 Bxd5 15.
exd5 Ncb8 16. O-O f5 17. Kh1 b6 18. Bb5 Nc5 19. Nxc5 bxc5 20. Bxc5 dxc5 21. d6
Na6 22. dxe7 Qxe7 23. Qd7 Qxd7 24. Rxd7 Rf6 25. Rfd1 Kf8 26. Rb7 e4 27. Rdd7 c4
28. Bxc4 Nc5 29. Rf7+ Ke8 30. Bb5+ Kd8 31. Rxf6 gxf6 32. Rxh7 1-0

[Event "International Championship of Central Se"]
[Site "Paracin, hotel "]
[Date "2012.07.06"]
[Round "1.9"]
[White "Blazeka, Matej"]
[Black "Ulibin, Mikhail"]
[Result "0-1"]
[WhiteElo "2216"]
[BlackElo "2531"]
[PlyCount "78"]
[EventDate "2012.07.06"]

1. e4 e6 2. d4 d5 3. exd5 exd5 4. Bd3 c5 5. Nf3 c4 6. Be2 Nc6 7. b3 cxb3 8.
axb3 Bd6 9. O-O Nge7 10. Ba3 O-O 11. c3 Ng6 12. g3 Re8 13. Re1 Bg4 14. Bxd6
Qxd6 15. Nbd2 Qf6 16. Kg2 h5 17. h4 Re7 18. Bd3 Bf5 19. Qc2 Nf4+ 20. gxf4 Qg6+
21. Kh2 Bxd3 22. Qc1 Qg4 23. Rxe7 Qxf4+ 24. Kg2 Nxe7 25. Qh1 Nf5 26. Qh2 Qg4+
27. Kh1 Be4 28. Qg2 Qxg2+ 29. Kxg2 Nxh4+ 30. Kg3 Nxf3 31. Nxf3 Bxf3 32. Kxf3
Rc8 33. Rxa7 Rxc3+ 34. Kf4 Rxb3 35. Kg5 Kh7 36. Kxh5 Rf3 37. Ra5 Rf4 38. Rxd5
f6 39. Rd7 b5 0-1

[Event "International Championship of Central Se"]
[Site "Paracin, hotel "]
[Date "2012.07.06"]
[Round "1.11"]
[White "Rubil, Marko"]
[Black "Savic, Miodrag R"]
[Result "1/2-1/2"]
[WhiteElo "2205"]
[BlackElo "2517"]
[PlyCount "84"]
[EventDate "2012.07.06"]

1. e4 d5 2. exd5 Qxd5 3. Nc3 Qa5 4. d4 Nf6 5. Nf3 c6 6. Bc4 Bf5 7. Bd2 e6 8.
Qe2 Bb4 9. O-O-O Nbd7 10. a3 Bxc3 11. Bxc3 Qc7 12. Ne5 Nxe5 13. dxe5 Nd5 14.
Bd2 O-O-O 15. g4 Bg6 16. f4 h5 17. h3 Qb6 18. Rhf1 hxg4 19. hxg4 Kb8 20. Rf3
Ka8 21. Be1 Qc7 22. Bg3 Nb6 23. Bd3 Bxd3 24. Rfxd3 Rd5 25. b3 Qe7 26. Kb2 Ra5
27. a4 Rd5 28. c4 Rxd3 29. Qxd3 Nc8 30. Qd7 Kb8 31. Rd6 Rh3 32. Be1 Rh2+ 33.
Kc3 Rh3+ 34. Kb4 Qf8 35. Bf2 b6 36. Qd8 Rh8 37. Qxf8 Rxf8 38. Rd7 a5+ 39. Kc3
c5 40. Bh4 Rh8 41. Bd8 Rh3+ 42. Kc2 Rh2+ 1/2-1/2

[Event "International Championship of Central Se"]
[Site "Paracin, hotel "]
[Date "2012.07.06"]
[Round "1.13"]
[White "Persson, Richard"]
[Black "Lajthajm, Borko"]
[Result "0-1"]
[WhiteElo "2193"]
[BlackElo "2492"]
[PlyCount "58"]
[EventDate "2012.07.06"]

1. e4 c5 2. Nf3 e6 3. d4 cxd4 4. Nxd4 a6 5. c4 Nf6 6. Nc3 Qc7 7. Be2 Bb4 8. Qd3
Nc6 9. f4 Nxd4 10. Qxd4 d6 11. Be3 e5 12. Qd3 Bg4 13. Rc1 Bxe2 14. Kxe2 Bxc3
15. Rxc3 Qc6 16. Kf3 exf4 17. Bxf4 O-O 18. Re1 Rfe8 19. Qxd6 Qa4 20. Qd4 Rad8
21. Bd6 Qc6 22. c5 Nxe4 23. Rxe4 f5 24. Rce3 Rxe4 25. Rxe4 Re8 26. Qc4+ Kh8 27.
Kf2 Qxe4 28. Qxe4 Rxe4 29. Kf3 Kg8 0-1

[Event "International Championship of Central Se"]
[Site "Paracin, hotel "]
[Date "2012.07.06"]
[Round "1.14"]
[White "Abramovic, Bosko"]
[Black "Radovanovic, Nikola"]
[Result "1/2-1/2"]
[WhiteElo "2470"]
[BlackElo "2191"]
[PlyCount "93"]
[EventDate "2012.07.06"]

1. d4 Nf6 2. c4 g6 3. Nc3 Bg7 4. g3 d5 5. cxd5 Nxd5 6. Bg2 Nb6 7. Nf3 Nc6 8. e3
e5 9. O-O O-O 10. dxe5 Qxd1 11. Rxd1 Nxe5 12. Nxe5 Bxe5 13. e4 Be6 14. f4 Bxc3
15. bxc3 Na4 16. Bd2 Rad8 17. Be1 Rxd1 18. Rxd1 Bxa2 19. Ra1 Bb3 20. Rb1 Bc2
21. Rxb7 Nc5 22. Rxc7 Nxe4 23. Re7 f5 24. Rxa7 Rb8 25. Ra1 Rb1 26. Rxb1 Bxb1
27. Bf1 Ba2 28. Bd3 Kf7 29. Kf1 Ke6 30. Ke2 Kd5 31. Ke3 Bc4 32. Bc2 Nc5 33. h3
Bb3 34. Bb1 h5 35. g4 hxg4 36. hxg4 Ne4 37. Bd3 Nd6 38. Bg3 Bc4 39. Bc2 Ba2 40.
Bh4 Ne4 41. Bxe4+ fxe4 42. Bd8 Bb3 43. Bc7 Ba4 44. f5 Bd7 45. f6 Be6 46. Bb6
Ke5 47. Bd4+ 1/2-1/2

[Event "International Championship of Central Se"]
[Site "Paracin, hotel "]
[Date "2012.07.06"]
[Round "1.15"]
[White "Jovanovic, Bojan P"]
[Black "Miljkovic, Miroslav D"]
[Result "1/2-1/2"]
[WhiteElo "2185"]
[BlackElo "2463"]
[PlyCount "104"]
[EventDate "2012.07.06"]

1. d4 d5 2. c4 c6 3. cxd5 cxd5 4. Nf3 Nc6 5. Nc3 Nf6 6. Bf4 a6 7. e3 Bg4 8. Be2
e6 9. O-O Be7 10. Ne5 Bxe2 11. Qxe2 Rc8 12. Nxc6 Rxc6 13. Rfc1 Qd7 14. Be5 O-O
15. Bxf6 Bxf6 16. Qd1 Rfc8 17. Ne2 e5 18. Rxc6 Rxc6 19. Rc1 exd4 20. Nxd4 Bxd4
21. Rxc6 Qxc6 22. exd4 h6 23. Qd2 Qg6 24. Qd1 Qe4 25. Kf1 b5 26. b4 g6 27. Kg1
h5 28. h3 h4 29. Qd2 Kg7 30. Kf1 Qb1+ 31. Ke2 f6 32. f3 Qg1 33. Kd3 Kf7 34. Kc2
Qf1 35. Kb2 Ke6 36. a3 Kf5 37. Ka2 Ke6 38. Kb2 g5 39. Qe3+ Kf7 40. Qd2 Kg6 41.
Qc2+ Kh6 42. Qd2 Qg1 43. Ka2 Kg6 44. Qc2+ Kg7 45. Qd2 Kf7 46. Kb2 Ke6 47. Qe2+
Kd6 48. Qd2 f5 49. Ka2 Qf1 50. Kb2 Qg1 51. Ka2 Qf1 52. Kb2 Qg1 1/2-1/2

[Event "International Championship of Central Se"]
[Site "Paracin, hotel "]
[Date "2012.07.06"]
[Round "1.17"]
[White "Ratkovic, Miloje"]
[Black "Bogdanovski, Vlatko"]
[Result "0-1"]
[WhiteElo "2176"]
[BlackElo "2454"]
[PlyCount "60"]
[EventDate "2012.07.06"]

1. d4 Nf6 2. c4 g6 3. Nc3 d5 4. h4 Bg7 5. h5 c6 6. cxd5 Nxd5 7. e4 Nxc3 8. bxc3
e5 9. hxg6 hxg6 10. Rxh8+ Bxh8 11. Ne2 Nd7 12. dxe5 Qh4 13. Ba3 Bxe5 14. Qd3
Bg7 15. Ng3 Qf6 16. Rc1 Nb6 17. Be2 Be6 18. Bc5 Rd8 19. Qc2 Qg5 20. Be3 Qa5 21.
f4 Nc4 22. Bxc4 Bxc4 23. Ne2 b6 24. Kf2 Bd3 25. Qb3 Bxe4 26. Nd4 Qd5 27. Re1
Kf8 28. Qa3+ c5 29. Ne2 Bxg2 30. Kg1 Bh3 0-1

[Event "International Championship of Central Se"]
[Site "Paracin, hotel "]
[Date "2012.07.06"]
[Round "1.18"]
[White "Maksimovic, Branimir"]
[Black "Tscharotschkin, Michael"]
[Result "0-1"]
[WhiteElo "2452"]
[BlackElo "2176"]
[PlyCount "78"]
[EventDate "2012.07.06"]

1. b3 e5 2. Bb2 Nc6 3. e3 Nf6 4. Bb5 Bd6 5. Na3 a6 6. Bxc6 dxc6 7. Nc4 Qe7 8.
Nf3 e4 9. Nxd6+ cxd6 10. Ng1 O-O 11. Ne2 Bg4 12. O-O Bxe2 13. Qxe2 Nd7 14. f4
f5 15. g4 Qh4 16. gxf5 Rxf5 17. Qg2 Qe7 18. Kh1 Nf6 19. Rg1 Rf8 20. Qh3 Nh5 21.
Rg4 R8f7 22. Rag1 g6 23. Rxg6+ hxg6 24. Rxg6+ Kh7 25. Rg1 Rf8 26. d3 exd3 27.
cxd3 d5 28. Rg7+ Qxg7 29. Bxg7 Kxg7 30. e4 dxe4 31. dxe4 Rc5 32. Qg4+ Kh7 33.
Qd7+ Kg8 34. f5 Re5 35. Qd6 Rxe4 36. Qg6+ Ng7 37. f6 Re1+ 38. Kg2 Rf7 39. Kf3
Re6 0-1

[Event "International Championship of Central Se"]
[Site "Paracin, hotel "]
[Date "2012.07.06"]
[Round "1.19"]
[White "Marjanovic, Dejan"]
[Black "Indjic, Aleksandar"]
[Result "0-1"]
[WhiteElo "2169"]
[BlackElo "2451"]
[PlyCount "70"]
[EventDate "2012.07.06"]

1. e4 g6 2. d4 Bg7 3. Nc3 c6 4. h3 d6 5. a4 e5 6. dxe5 dxe5 7. Qxd8+ Kxd8 8.
Bc4 f6 9. Be3 Nd7 10. Nge2 Bh6 11. Bxh6 Nxh6 12. h4 a5 13. f3 Ke7 14. h5 Nc5
15. Kf2 Be6 16. Bxe6 Kxe6 17. hxg6 hxg6 18. Rh3 Nf7 19. Rah1 Rxh3 20. Rxh3 Rd8
21. Ke3 Na6 22. Rh1 Nb4 23. Rc1 Rh8 24. Nb1 Nd6 25. Nd2 f5 26. g3 g5 27. b3 Rh2
28. Nf1 f4+ 29. gxf4 gxf4+ 30. Kd2 Rf2 31. c3 Na2 32. Ra1 Rxf3 33. Ng1 Nxe4+
34. Ke2 Rf2+ 35. Kd3 Naxc3 0-1

[Event "International Championship of Central Se"]
[Site "Paracin, hotel "]
[Date "2012.07.06"]
[Round "1.21"]
[White "Grujic, Nebojsa"]
[Black "Arsovic, Zoran"]
[Result "0-1"]
[WhiteElo "2156"]
[BlackElo "2443"]
[PlyCount "60"]
[EventDate "2012.07.06"]

1. d4 Nf6 2. c4 g6 3. Nc3 Bg7 4. e4 d6 5. f3 O-O 6. Be3 a6 7. Nge2 Nbd7 8. a4
e5 9. d5 a5 10. Nc1 Nh5 11. Nd3 f5 12. exf5 gxf5 13. f4 Qe7 14. Be2 exf4 15.
Bf2 f3 16. gxf3 Ne5 17. Nxe5 Bxe5 18. Qd2 Bd7 19. Kd1 Kh8 20. Kc2 Qf6 21. Rad1
Rg8 22. Bf1 c5 23. Kb3 Rae8 24. Qc1 Bd4 25. Be1 Re3 26. Rd3 Re7 27. Ne2 Rge8
28. Qc2 Nf4 29. Nxf4 Rxe1 30. Ne2 Ra1 0-1

[Event "International Championship of Central Se"]
[Site "Paracin, hotel "]
[Date "2012.07.06"]
[Round "1.23"]
[White "Vucinic, Gojko"]
[Black "Stojanovski, Dejan"]
[Result "0-1"]
[WhiteElo "2150"]
[BlackElo "2430"]
[PlyCount "54"]
[EventDate "2012.07.06"]

1. e4 c5 2. Nf3 Nc6 3. d4 cxd4 4. Nxd4 g6 5. Nc3 Bg7 6. Nde2 Nf6 7. g3 O-O 8.
Bg2 Rb8 9. a4 a6 10. O-O b5 11. axb5 axb5 12. Nd5 d6 13. Bg5 Nd7 14. Qc1 Re8
15. Rd1 Nc5 16. Be3 Bg4 17. f3 Bd7 18. Ra2 b4 19. Nd4 Nxd4 20. Bxd4 b3 21. Ra7
Bxd4+ 22. Rxd4 Be6 23. cxb3 Bxd5 24. exd5 Nxb3 25. Qc3 Qb6 26. Ra1 Nxd4 27.
Qxd4 Qxd4+ 0-1

[Event "International Championship of Central Se"]
[Site "Paracin, hotel "]
[Date "2012.07.06"]
[Round "1.24"]
[White "Zlatanovic, Boroljub"]
[Black "Smirnov, Boris"]
[Result "1-0"]
[WhiteElo "2428"]
[BlackElo "2143"]
[PlyCount "45"]
[EventDate "2012.07.06"]

1. Nc3 d5 2. e4 d4 3. Nce2 c5 4. Ng3 Nc6 5. f4 Qc7 6. d3 g6 7. Be2 h5 8. e5 g5
9. fxg5 h4 10. Ne4 Nxe5 11. Nf3 Bg7 12. h3 Be6 13. O-O O-O-O 14. Nxe5 Bxe5 15.
Bg4 Bxg4 16. Qxg4+ e6 17. Bf4 Rd5 18. Bxe5 Rxe5 19. Rxf7 Ne7 20. Qf4 Re8 21.
Rf1 Kd8 22. Nf6 Rh8 23. Ng4 1-0

[Event "International Championship of Central Se"]
[Site "Paracin, hotel "]
[Date "2012.07.06"]
[Round "1.25"]
[White "Iliev, Dimitar"]
[Black "Kadric, Denis"]
[Result "0-1"]
[WhiteElo "2137"]
[BlackElo "2420"]
[PlyCount "98"]
[EventDate "2012.07.06"]

1. e4 c5 2. Nf3 d6 3. d4 cxd4 4. Nxd4 Nf6 5. Nc3 Bd7 6. g3 g6 7. Bg2 Bg7 8. O-O
O-O 9. h3 Nc6 10. Nxc6 bxc6 11. Be3 Qa5 12. Qd2 Rfe8 13. Rad1 Qc7 14. f4 Bc8
15. Bd4 Ba6 16. Rfe1 e5 17. fxe5 dxe5 18. Bc5 Bc4 19. Kh2 Be6 20. b3 Nd7 21.
Bd6 Qb7 22. Na4 Bf8 23. c4 Rec8 24. Bxf8 Rxf8 25. Qd6 Rfd8 26. Nc5 Nxc5 27.
Qxc5 Qc7 28. Bf3 h5 29. g4 hxg4 30. Bxg4 Bxg4 31. hxg4 Rd4 32. Rxd4 exd4+ 33.
e5 Rd8 34. g5 d3 35. Qe3 Qd7 36. Kg3 Qf5 37. Rd1 c5 38. Qf4 Rd4 39. Qxf5 gxf5
40. Kf3 Kg7 41. Ke3 d2 42. a3 Kg6 43. b4 f4+ 44. Kf3 cxb4 45. c5 b3 46. c6 b2
47. c7 Rc4 48. Ke2 Rxc7 49. Rb1 Rc1 0-1

[Event "International Championship of Central Se"]
[Site "Paracin, hotel "]
[Date "2012.07.06"]
[Round "1.26"]
[White "Kislik, Erik Andrew"]
[Black "Tisma, Ivan"]
[Result "1-0"]
[WhiteElo "2408"]
[BlackElo "2134"]
[PlyCount "91"]
[EventDate "2012.07.06"]

1. d4 Nf6 2. c4 g6 3. Nc3 Bg7 4. e4 O-O 5. Nf3 c6 6. Be2 d5 7. e5 Ne4 8. O-O
Nxc3 9. bxc3 dxc4 10. Bxc4 b5 11. Bd3 Na6 12. Qe2 Nc7 13. a4 Nd5 14. Bd2 bxa4
15. Rxa4 f6 16. h3 fxe5 17. Nxe5 Qc7 18. f4 Rb8 19. c4 Nf6 20. Ba5 Qd6 21. Bc3
c5 22. d5 Nh5 23. Qd2 Rb3 24. Ba1 a6 25. Ra2 Bh6 26. Qc2 Rb6 27. Qc3 Bg7 28.
Raf2 Ng3 29. Re1 Nf5 30. Qa3 e6 31. Be4 Ne7 32. Bd4 Rb5 33. Bc3 Rb6 34. dxe6
Bxe6 35. Ba5 Bxe5 36. fxe5 Qd4 37. Bf3 Rbb8 38. Bc7 Rbc8 39. Bd6 Rf7 40. Re4
Rxf3 41. Qxf3 Qa1+ 42. Rf1 Qa2 43. Bxe7 Bxc4 44. Rf4 Bxf1 45. Rf8+ Kg7 46. Rxc8
1-0

[Event "International Championship of Central Se"]
[Site "Paracin, hotel "]
[Date "2012.07.06"]
[Round "1.28"]
[White "Martic, Ivan"]
[Black "Drobne, Marjan"]
[Result "1-0"]
[WhiteElo "2402"]
[BlackElo "2123"]
[PlyCount "63"]
[EventDate "2012.07.06"]

1. e4 e5 2. Nf3 Nc6 3. Bc4 Nf6 4. d3 Bc5 5. O-O d6 6. c3 O-O 7. Bb3 Ne7 8. d4
exd4 9. cxd4 Bb6 10. Nc3 Ng6 11. h3 Be6 12. Bc2 h6 13. Re1 Re8 14. Be3 c6 15.
Qd3 Rc8 16. Rad1 a6 17. a3 Bc7 18. Qd2 b5 19. d5 cxd5 20. exd5 Bd7 21. Nd4 Ne5
22. Bxh6 gxh6 23. Qxh6 Ng6 24. Ne6 Bxe6 25. dxe6 Qe7 26. exf7+ Qxf7 27. Bxg6
Rxe1+ 28. Rxe1 Qg7 29. Qxg7+ Kxg7 30. Bf5 Re8 31. Rxe8 Nxe8 32. Bc8 1-0

[Event "International Championship of Central Se"]
[Site "Paracin, hotel "]
[Date "2012.07.06"]
[Round "1.29"]
[White "Kacakovski, Dimitar"]
[Black "Battey, Alexander"]
[Result "1-0"]
[WhiteElo "2122"]
[BlackElo "2396"]
[PlyCount "29"]
[EventDate "2012.07.06"]

1. e4 c5 2. Nf3 d6 3. d4 cxd4 4. Nxd4 Nf6 5. Nc3 a6 6. Bg5 Nbd7 7. Bc4 Qb6 8.
Qd2 e6 9. O-O-O Nc5 10. Rhe1 Be7 11. Nf5 exf5 12. exf5 O-O 13. Rxe7 Qb4 14.
Bxf6 gxf6 15. Qf4 1-0

[Event "International Championship of Central Se"]
[Site "Paracin, hotel "]
[Date "2012.07.06"]
[Round "1.31"]
[White "Hadzi - Manev, Ljubomir"]
[Black "Tosic, Srecko"]
[Result "1/2-1/2"]
[WhiteElo "2089"]
[BlackElo "2367"]
[PlyCount "101"]
[EventDate "2012.07.06"]

1. b3 d5 2. Bb2 Bg4 3. h3 Bh5 4. d3 e6 5. Nd2 Nf6 6. Ngf3 Nc6 7. g3 Be7 8. Bg2
a5 9. a3 O-O 10. g4 Bg6 11. Nh4 Nd7 12. Nxg6 hxg6 13. c4 Bf6 14. Qc1 Nb6 15.
O-O Qe7 16. Nf3 Rad8 17. Rd1 Bxb2 18. Qxb2 d4 19. Qd2 e5 20. Rdb1 Ra8 21. Qg5
Qf6 22. h4 Nd7 23. Nd2 Qxg5 24. hxg5 Nd8 25. b4 c6 26. c5 Ne6 27. Ne4 Ra7 28.
b5 Ndxc5 29. bxc6 bxc6 30. Nxc5 Nxc5 31. Bxc6 Ne6 32. Rb5 Rc8 33. Bg2 Rc5 34.
a4 Rac7 35. Rab1 Kf8 36. Rb8+ Rc8 37. R8b7 Nxg5 38. R1b5 Ne6 39. Ra7 Nf4 40.
Bf3 R8c7 41. Rxc7 Rxc7 42. Rxe5 Ra7 43. Kf1 Ne6 44. Bd5 Nc5 45. Bc6 Ne6 46. Bd5
Nc5 47. Bc4 Rc7 48. Rd5 Nxa4 49. Rxd4 Nb6 50. Ke1 Ke7 51. Kd2 1/2-1/2

[Event "International Championship of Central Se"]
[Site "Paracin, hotel "]
[Date "2012.07.06"]
[Round "1.32"]
[White "Pantelic, Sasa"]
[Black "Debevec, Blaz"]
[Result "1-0"]
[WhiteElo "2362"]
[BlackElo "2083"]
[PlyCount "105"]
[EventDate "2012.07.06"]

1. d4 d6 2. c4 e5 3. Nf3 e4 4. Ng5 f5 5. g3 Be7 6. Nh3 Nf6 7. Nf4 O-O 8. Nc3 c6
9. h4 Na6 10. Bh3 Nc7 11. d5 Rb8 12. O-O Kh8 13. b4 b5 14. cxb5 Ncxd5 15. Ncxd5
Nxd5 16. Nxd5 cxd5 17. Qxd5 Qe8 18. a4 Bf6 19. Rb1 Be6 20. Qxd6 Ba2 21. Bf4 Rd8
22. Qc5 Bd4 23. Qc2 Bxb1 24. Qxb1 Qe6 25. e3 Bf6 26. Rd1 Rxd1+ 27. Qxd1 Rd8 28.
Qc2 Rc8 29. Qb1 h6 30. Qd1 Bb2 31. Qh5 Rf8 32. Qd1 Be5 33. Bxe5 Qxe5 34. Bf1
Qe7 35. Qd4 Rc8 36. b6 axb6 37. Qxb6 Qe5 38. Qd4 Qe8 39. b5 Rc1 40. Qb2 Rc8 41.
a5 f4 42. exf4 e3 43. b6 Qe4 44. b7 exf2+ 45. Kh2 Rb8 46. a6 Qe3 47. Qe5 Qa7
48. f5 Rf8 49. Qd6 Rb8 50. f6 g5 51. Qe7 Rg8 52. f7 gxh4 53. Qf6+ 1-0

[Event "International Championship of Central Se"]
[Site "Paracin, hotel "]
[Date "2012.07.06"]
[Round "1.33"]
[White "Kalinic, Dusan"]
[Black "Martic, Zlatko"]
[Result "0-1"]
[WhiteElo "2082"]
[BlackElo "2356"]
[PlyCount "74"]
[EventDate "2012.07.06"]

1. e4 d6 2. d4 Nf6 3. Nc3 g6 4. f4 Bg7 5. Nf3 O-O 6. Bd3 Na6 7. O-O c5 8. d5
Nc7 9. Re1 a6 10. a4 b6 11. Qe2 Bb7 12. Nd1 e6 13. c4 exd5 14. cxd5 Re8 15. Qf1
b5 16. Bd2 Qd7 17. Nf2 Nh5 18. g4 Nf6 19. h3 bxa4 20. Bc2 Nb5 21. Bxa4 Rab8 22.
Bc3 Qe7 23. Bxf6 Qxf6 24. Nd3 c4 25. g5 Qd8 26. Nf2 Rc8 27. Rac1 Qa5 28. Rxc4
Rxc4 29. Qxc4 Rc8 30. Qa2 Nd4 31. Re3 Nxf3+ 32. Rxf3 Qe1+ 33. Kg2 Rc1 34. Rd3
Qg1+ 35. Kf3 Rf1 36. b4 Bc8 37. Qc2 Bxh3 0-1

[Event "International Championship of Central Se"]
[Site "Paracin, hotel "]
[Date "2012.07.06"]
[Round "1.36"]
[White "Andrijevic, Milan"]
[Black "Gevorgyan, Maria"]
[Result "1-0"]
[WhiteElo "2345"]
[BlackElo "2040"]
[PlyCount "77"]
[EventDate "2012.07.06"]

1. e4 e5 2. Nf3 Nf6 3. Nxe5 d6 4. Nf3 Nxe4 5. d3 Nf6 6. d4 d5 7. c4 Be7 8. Nc3
O-O 9. cxd5 Nxd5 10. Bc4 Be6 11. Qb3 c6 12. Qxb7 Nb6 13. Bxe6 fxe6 14. O-O Bf6
15. d5 exd5 16. Be3 d4 17. Nxd4 Bxd4 18. Rad1 Rf7 19. Rxd4 Qe8 20. Rd8 Qxd8 21.
Bxb6 Qxb6 22. Qxa8 Rf8 23. Na4 Qa6 24. Nc5 Qb6 25. b4 Qxb4 26. Qxa7 Rf7 27. Qa8
Rf8 28. Nb3 Rf7 29. h3 Rb7 30. Rb1 Rb6 31. Qa7 Ra6 32. Qc7 Qb6 33. Qc8+ Kf7 34.
Nd2 Qa5 35. Rxb8 Ra7 36. Qe8+ Kf6 37. Qxc6+ Kf7 38. Qe8+ Kf6 39. Ne4+ 1-0

[Event "International Championship of Central Se"]
[Site "Paracin, hotel "]
[Date "2012.07.06"]
[Round "1.37"]
[White "Thestrup, Sixten"]
[Black "Irizanin, Radoje"]
[Result "1-0"]
[WhiteElo "2036"]
[BlackElo "2344"]
[PlyCount "47"]
[EventDate "2012.07.06"]

1. c4 e6 2. g3 d5 3. Bg2 c6 4. Nf3 dxc4 5. O-O b5 6. a4 Bb7 7. Nc3 a6 8. Ne5
Qd4 9. Nf3 Qb6 10. d3 cxd3 11. Qxd3 Nf6 12. Be3 Bc5 13. a5 Qa7 14. Ng5 Nbd7 15.
Nce4 Nxe4 16. Nxe4 Bxe3 17. Nd6+ Ke7 18. fxe3 f6 19. Rac1 Ne5 20. Qa3 c5 21.
Nxb7 Rac8 22. Qc3 Rc7 23. b4 cxb4 24. Qxc7+ 1-0

[Event "International Championship of Central Se"]
[Site "Paracin, hotel "]
[Date "2012.07.06"]
[Round "1.38"]
[White "Ardeleanu, Alin"]
[Black "Jandric, Damjan"]
[Result "1-0"]
[WhiteElo "2335"]
[BlackElo "2010"]
[PlyCount "77"]
[EventDate "2012.07.06"]

1. e4 c5 2. Nf3 d6 3. b3 Nf6 4. Nc3 a6 5. e5 dxe5 6. Nxe5 Nbd7 7. Nc4 b5 8. Ne3
Bb7 9. Be2 e6 10. Bf3 Qc7 11. Qe2 Be7 12. Bb2 Rc8 13. a4 b4 14. Ncd1 O-O 15.
Nc4 Nd5 16. Nde3 Bf6 17. Bxf6 N7xf6 18. g3 Nxe3 19. fxe3 Bd5 20. O-O a5 21. Bg2
Rfd8 22. Rf2 Rd7 23. Rf4 Rcd8 24. d3 e5 25. Rxf6 gxf6 26. Bxd5 Rxd5 27. e4 Rd4
28. Qg4+ Kh8 29. Qf3 R4d6 30. Rf1 Re6 31. Qh5 Rg8 32. Rf5 Rg6 33. Kg2 Qd8 34.
Qf3 Ra6 35. h4 Qe7 36. Ne3 Rd6 37. h5 Kg8 38. hxg6 hxg6 39. Qg4 1-0